|
|
|
|
| LEADER |
00000nam0a2200000 4500 |
| 001 |
112560 |
| 005 |
20231031121503.0 |
| 010 |
|
|
|a 5030013555
|
| 020 |
|
|
|a RU
|b 90-48825
|
| 035 |
|
|
|a (RuTPU)RU\TPU\book\121710
|
| 090 |
|
|
|a 112560
|
| 100 |
|
|
|a 20070329d1990 m y0rusy5003 ca
|
| 101 |
1 |
|
|a rus
|c eng
|
| 102 |
|
|
|a RU
|
| 105 |
|
|
|a a z 001zy
|
| 200 |
1 |
|
|a Математические аспекты компьютерной томографии
|e пер. с англ.
|f Ф. Наттерер
|
| 210 |
|
|
|a Москва
|c Мир
|d 1990
|
| 215 |
|
|
|a 280 с.
|c ил.
|
| 320 |
|
|
|a Библиогр.: с. 244-254, 266-267.
|
| 320 |
|
|
|a Указ. имен. и предм.: с. 269-277.
|
| 610 |
1 |
|
|a компьютерная томография
|
| 610 |
1 |
|
|a математические аспекты
|
| 610 |
1 |
|
|a преобразование Радона
|
| 610 |
1 |
|
|a интегральные преобразования
|
| 610 |
1 |
|
|a дискретизация
|
| 610 |
1 |
|
|a разрешение
|
| 610 |
1 |
|
|a алгоритмы восстановления
|
| 610 |
1 |
|
|a математический аппарат
|
| 675 |
|
|
|a 620.179.152.1
|v 3
|
| 700 |
|
1 |
|a Наттерер
|b Ф.
|g Франк
|4 070
|
| 801 |
|
0 |
|a RU
|b RuMRKP
|c 19950417
|g psbo
|
| 801 |
|
1 |
|a RU
|b 63413507
|c 20070329
|g PSBO
|
| 801 |
|
2 |
|a RU
|b 63413507
|c 20130118
|g PSBO
|
| 900 |
|
|
|a Компьютерная томография
|
| 900 |
|
|
|a Математическое моделирование в медицинской физике
|
| 942 |
|
|
|c BK
|